000 01183naa a22002897a 4500
001 BR6900289
003 BR-BrBNA
005 20240918173347.0
007 ta
008 230509b bl.||||| |||| 00| 0 por d
040 _aBR-BrBNA
_bpor
_cBiblioteca Nacional de Agricultura
041 _a(Pt)
072 _aE30
_b/G514
090 _aE30 BR6900289
100 1 _aCarvalho, O. de
111 1 _a1. Encontro de Engenheiros Agronomos do Nordeste
_cFortaleza, CE (Brazil)
_d27 Oct 1968
245 1 _aOs convenios internacionais de assistencia tecnica e o desenvolvimento da agricultura do Nordeste [Brasil]
260 3 _aFortaleza, CE (Brasil):
_bImprensa Universitaria do Ceara,
_c1969.
500 _aAnais do 1. Encontro de Engenheiros-Agronomos do Nordeste Fortaleza, CE (Brasil): Imprensa Universitaria do Ceara, 1969. p. 133-145 (BR6900289-AM)E30
650 _aDesenvolvimento agricola
650 _aPolitica agricola
650 _aAssistencia tecnica
650 _aNordeste
773 0 _tAnais do 1. Encontro de Engenheiros-Agronomos do Nordeste
_wE30 BR6900289
_gFortaleza, CE (Brasil), 1969. p. 133-145
909 _a202404
_bLucia
_c55
_dLucia Elande
942 _cAM
_2AGRIS
999 _c304172
_d304172